• 首页
  • 本馆介绍
  • 公告通知
  • 最新文献
  • 馆藏检索
  • 电子资源
  • 读者导购
  • 参考咨询
  • 我的图书馆
  • 登录
  • 详细信息显示
  • 放入我的书架
  • 预约/预借图书
  • 作者相关作品
  • 分类相关作品
  • 丛书相关作品
  • 出版社相关作品

书目信息

  • 表格格式
  • 工作单格式
  • 卡片格式
题名:
中国可再生能源发展战略研究丛书
    
 
作者: 杜祥琬 主编
分册:   综合卷
出版信息: 北京   中国电力出版社  2008
页数: 14,409页
开本: 26cm
丛书名:
单 册:
中图分类: F426.2
科图分类:
主题词: 再生资源--能源工业--经济发展战略--研究--中国 , 再生资源 , 能源工业 , 经济发展战略
电子资源:
ISBN: 978-7-5083-8077-3
000 01138nam0 2200289 45
001 1130148094
005 20110309090612.43
010    @a978-7-5083-8077-3@dCNY75.00
100    @a20110110e20102008em y0chiy50 ea
101 0  @achi
102    @aCN@b110000
105    @aab z 000yy
106    @ar
200 1  @a中国可再生能源发展战略研究丛书@AZhong Guo Ke Zai Sheng Neng Yuan Fa Zhan Zhan Lue Yan Jiu Cong Shu@i综合卷@IZong He Juan@f杜祥琬主编@FDu Xiang Wan Zhu Bian
210    @a北京@c中国电力出版社@d2008@h2010
215    @a14,409页@c地图,图@d26cm
300    @a中国工程院重大咨询项目
304    @a中国可再生能源发展战略研究项目组[编]
330    @a本书包括综合报告、风能综合报告、水能综合报告、生物质能综合报告、太阳能综合报告、分层次地介绍了风能、水能、生物质能、太阳能四种可再生能源的资源情况、发展潜力、开发和利用、发展目标、面临问题和保障措施等内容。
606 0  @a再生资源@x能源工业@x经济发展战略@x研究@y中国
606 0  @a再生资源
606 0  @a能源工业
606 0  @a经济发展战略
690    @aF426.2@v4
701  0 @a杜祥琬@ADu Xiang Wan@4主编
801  0 @aCN@bTANGWEI@c20110309
905    @b0529864-66@dF426.2@e113@f3
    
    中国可再生能源发展战略研究丛书.综合卷/杜祥琬主编.-北京:中国电力出版社,2008(2010)
    14,409页:地图,图;26cm
    中国工程院重大咨询项目
    
    ISBN 978-7-5083-8077-3:CNY75.00
    本书包括综合报告、风能综合报告、水能综合报告、生物质能综合报告、太阳能综合报告、分层次地介绍了风能、水能、生物质能、太阳能四种可再生能源的资源情况、发展潜力、开发和利用、发展目标、面临问题和保障措施等内容。
●
相关链接 在E读中查询图书 在五车中查询图书 在当当中查询图书 在豆瓣中查询图书


正题名:中国可再生能源发展战略研究丛书     索取号:F426.2/113         预约/预借

序号 登录号 条形码 馆藏地/架位号 状态 备注
1 0529864   205298649   第一样本阅览室/ [索取号:F426.2/113] 在馆    
2 0529865   205298658   第一借阅区/ [索取号:F426.2/113] 在馆    
3 0529866   205298667   第一借阅区/ [索取号:F426.2/113] 在馆    
唐山师范学院图书馆 欢迎您!
大连网信软件有限公司© 版权所有